National and university library, Ljubljana:Plecnik, Joze (Record no. 17106)

MARC details
000 -LEADER
fixed length control field 00527nam a2200169Ia 4500
003 - CONTROL NUMBER IDENTIFIER
control field IN-BaIIA
008 - FIXED-LENGTH DATA ELEMENTS--GENERAL INFORMATION
fixed length control field 211028s9999 xx 000 0 eng d
020 ## - INTERNATIONAL STANDARD BOOK NUMBER
International Standard Book Number 0-7148-2938-2
040 ## - CATALOGING SOURCE
Transcribing agency IIA Library
080 ## - UNIVERSAL DECIMAL CLASSIFICATION NUMBER
Universal Decimal Classification number 022:727.8
Item number GOO
100 ## - MAIN ENTRY--PERSONAL NAME
Personal name Gooding, Mel
9 (RLIN) 32197
245 #0 - TITLE STATEMENT
Title National and university library, Ljubljana:Plecnik, Joze
Statement of responsibility, etc. Mel Gooding
260 ## - PUBLICATION, DISTRIBUTION, ETC.
Place of publication, distribution, etc. London
Name of publisher, distributor, etc. Phaidon Press
Date of publication, distribution, etc. 1997
300 ## - PHYSICAL DESCRIPTION
Extent 60p.
650 ## - SUBJECT ADDED ENTRY--TOPICAL TERM
Topical term or geographic name entry element Architecture- library buildings
9 (RLIN) 32198
942 ## - ADDED ENTRY ELEMENTS (KOHA)
Koha item type Books
Holdings
Withdrawn status Lost status Damaged status Not for loan Home library Current library Shelving location Date acquired Source of acquisition Cost, normal purchase price Total Checkouts Full call number Barcode Date last seen Cost, replacement price Price effective from Koha item type Purchase Price
        IIA Library-Bangalore IIA Library-Bangalore General Stacks 11/11/2008 ANJ 6811.89   022:727.8/ GOO 18028 05/11/2021 6811.89 11/11/2008 Books Rs. 6811.89

Powered by Koha